000 01185nam a2200325 c 4500
999 _c103788
_d103788
003 BLK
005 20220225153049.0
008 180409b bul|||||r ||||||| ||bul||
010 _aKNG00108867000
020 _a954-8701-40-5
040 _aBLK
041 _aBUL
_cBUL
_hSPA
080 _aБългарска литература
_b821.163.2
_x-1
_z821.163.2-1
100 1 _aНиколова, Добрина
_eпърви автор
_9255326
139 _aНиколова, Добрина
_bН 75
245 1 0 _aИзгубени пътища
_bЛирика
_cДобрина Николова; прев. Роза Калнъкова.
246 1 1 _aCaminos perdidos : Lirica
257 _aBGR
260 _bДенница
_c2003
_fРусе : Авангард принт
300 _a64 с.
_bс портр.
_c20 см
380 _aX
659 _aК
700 1 _aКалнъкова, Роза
_eпрев.
_975349
720 _aDobrina Nicolova ; Trad. Roza Kalnakova
_eпаралелен автор
852 _aЦб 216630
852 _aК 821.163.2/Н 75 Д
856 4 _qpdf
856 4 _qpdf
942 _cKNG
_n0
_s1
944 _aCR
_c11.11.2003
_kГеновева_Генчева
944 _aED
_c31.05.2004
999 _d103788